Ekonomické zhodnotenie využívania predĺžených znáškových cyklov pri produkcii konzumných vajec

Bibliographic Details
Main Authors: Maľa, M. (Author), Chabroň, Milan (Author)
Format: Article
Language:Slovak
PhysicalDescription:Tb. 4. Res. rus., angl., lit. 4 zázn. v slov., angl.
Subjects:

MARC

LEADER 00000nab a2200000 a 4500
001 vtls000344051
003 SK-MaSNL
005 20260304035830.0
008 111202c1988 xo 0 slo
015 |a SNBRA19rr/mm-uuuuu 
035 |a CL0344173 
040 |a SNKBUCL  |b slo  |c SNKBUCL  |e AACR2 
041 0 |a slo 
044 |a xo  |c SK 
080 |a 636.52/58.082.46.003  |2 1981 
080 |a 637.4  |2 1981 
100 1 |a Maľa, M.  |4 aut  |9 914507 
245 1 0 |a Ekonomické zhodnotenie využívania predĺžených znáškových cyklov pri produkcii konzumných vajec  |c M. Maľa, M. Chabroň 
300 |b Tb. 4. Res. rus., angl., lit. 4 zázn. v slov., angl. 
650 0 7 |a sliepky  |2 snkbucl  |9 2797 
650 0 7 |a vajcia konzumné  |2 snkbucl  |9 954291 
655 7 |a články zo zborníkov  |2 snkbucl  |9 166140 
700 1 |a Chabroň, Milan  |4 aut  |9 279671 
773 0 |t Hydinárstvo 23  |d Bratislava : Príroda, 1988  |g S. 115-121 
850 |a Slovenská národná knižnica v Martine  |a MTA001 
852 |a SNK  |b KIS3GCP 
958 |a RK 
992 |a RZB 
999 |c 2659949  |d 2661879